00482nam a2200145 a 450000100100000000500170001000800410002702000120006804000250008024500280010526000530013330000280018695201050021499900170031900004502420201002045819.0150129s1994 po c 000 0 spa d a9157308 aDO-SdBNPbspacBNPHU00aTratado de Tordesilhas. aLisboa, Portugal, :bBanc Bilbao Vizcaya,c1994. a295+ :bretr. ;c30 cm. 001050718MOaGRbGRcCTd2015-01-29iLF1l0o p45024-10r2020-06-25w2020-06-25y1ZNo se presta c44513d44513